00484nam a2200193 a 4500001001300000003000900013005001700022008004100039020001300080082002000093100001900113245002800132260003500160300000900195500003500204505001300239650001900252700001900271nice12345678IN_TiNIC20260116012504.0050524s1960 atla grp 000 0 eng  ac291.5500a266.009519bOGL aOgle, George E aLiberty to the Captives aAtlantabJohn Knox Pressc1960 a188p aincludes index and biblioraphy2 aEpilogue aMissions-Korea1 aOgle, George E